000 00637nmm a2200193Ia 4500
008 251105s9999||||xx |||||||||||||||||und||
020 _a9788436949100
041 _aspa
100 _aGrañeras, Montserrat
245 0 _aGitanos : de los mercadillos a la escuela y del instituto al futuro
264 _a[Madrid, España] :
_bMinisterio de Educación, Cultura y Deporte de España,
_c2012
300 _a102 páginas
490 _aEstudios Creade
650 _aEducation
700 _aGrañeras, Montserrat
700 1 _a Parras Laguna, Antonia (coords.)
856 _uhttps://public.digitaliapublishing.com/a/17624
942 _cCF
999 _c66460
_d66460